000 00548cam a22002052a 4500
001 001528
003 AR-FADEU
008 311216n1990####xxu####################dd
020 _a84-7774-855-1
092 _a414
_bA545
_eMAESTRIA
100 _aAnderson, Stephen R.
245 _aLa fonologĂ­a en el siglo XX
260 _aMadrid
260 _bVISOR
260 _c1990
300 _a411 p
440 _aLinguistica y conocimiento
_n5
650 _a/LINGUISTICA/FONOLOGIA; FONOLOGIA-HISTORIA-SIGLO XX/REVISADO//MAESTRIA/
942 _cMAESTRIA
999 _c7366
_d7366